Veinticinco años de historia / (Record no. 74131)

MARC details
000 -LEADER
campo de control de longitud fija 00550nam a2200169 i 4500
001 - NÚMERO DE CONTROL
campo de control 74131
003 - IDENTIFICADOR DE NÚMERO DE CONTROL
campo de control ES-MaACL
005 - FECHA Y HORA DE LA ÚLTIMA TRANSACCIÓN
campo de control 20230906172028.0
007 - CAMPO FIJO DE DESCRIPCIÓN FÍSICA--INFORMACIÓN GENERAL
campo de control de longitud fija t|
008 - DATOS DE LONGITUD FIJA--INFORMACIÓN GENERAL
campo de control de longitud fija 040915s1962 sp ||||1| spa d
100 1# - ENTRADA PRINCIPAL--NOMBRE DE PERSONA
Nombre de persona González, Sancho.
9 (RLIN) 58381
245 10 - MENCIÓN DEL TÍTULO
Título Veinticinco años de historia /
Mención de responsabilidad, etc. Sancho González.
260 ## - PUBLICACIÓN, DISTRIBUCIÓN, ETC.
Lugar de publicación, distribución, etc. Madrid :
Nombre del editor, distribuidor, etc. [s.n.,
Fecha de publicación, distribución, etc. 1962] (
Fabricante Maribel)
300 ## - DESCRIPCIÓN FÍSICA
Extensión 2 v. ;
Dimensiones 25 cm.
505 8# - NOTA DE CONTENIDO CON FORMATO
Nota de contenido con formato Contiene: T.I: España ante el mundo. -- T.II: Francisco Franco artífice de la victoria y de la paz
852 ## - LOCALIZACIÓN
Ubicación ES-MaACL
Número de control de estantería C-23602-3
Sublocalización o colección R.52291
Holdings
Estatus retirado Estado de pérdida Estado de daño No para préstamo Biblioteca de origen Biblioteca actual Ubicación en estantería Fecha de adquisición Fuente de adquisición Total de préstamos Signatura topográfica completa Código de barras Visto por última vez Precio de reemplazo Tipo de ítem Koha
        Biblioteca del Ateneo de Madrid Biblioteca del Ateneo de Madrid Depósito 2 17/01/2008     C-23602-3 1077598 23/02/2023 23/02/2023 Libro impreso